• 首页
  • 本馆介绍
  • 公告通知
  • 最新文献
  • 馆藏检索
  • 电子资源
  • 读者导购
  • 参考咨询
  • 我的图书馆
  • 登录
  • 详细信息显示
  • 放入我的书架
  • 预约/预借图书
  • 作者相关作品
  • 分类相关作品
  • 丛书相关作品
  • 出版社相关作品

书目信息

  • 表格格式
  • 工作单格式
  • 卡片格式
题名:
奥林匹克之窗
    
 
作者: ;《世界之窗》编辑部 编
分册:  
出版信息: 上海   上海译文出版社  1984
页数: 156页
开本: 19cm
丛书名:
单 册:
中图分类: G811.2
科图分类:
主题词: 体育事业--世界
电子资源:
ISBN:
000 00725nam0 2200241 45
001 0184003055
005 20060315155824.21
010    @dCNY0.68
091    @a7188.41
100    @a19950502d1984 em y0chiy0121 ea
101 1  @achi
102    @aCN@b310000
105    @ay 000yy
200 10 @a奥林匹克之窗@Aao lin pi ke zhi chuang@f《世界之窗》编辑部编@F《shi jie zhi chuang》bian ji bu bian
210    @a上海@c上海译文出版社@d1984
215    @a156页@c照片@d19cm
601 12 @a奥运会@x通俗读物
606 0  @a体育事业@x世界
690    @aG811.2
711  0 @a《世界之窗》编辑部@A《shi jie zhi chuang》bian ji bu@4编
801  2 @aCN@bNLC@c20060315
801  0 @aCN@b上海图书馆@c20040508
905    @f2@b109339-340@dG811.2@e5
    
    奥林匹克之窗/《世界之窗》编辑部编.-上海:上海译文出版社,1984
    156页:照片;19cm
    
    
    ISBN :CNY0.68
    
●
相关链接 在E读中查询图书 在五车中查询图书 在当当中查询图书 在豆瓣中查询图书


正题名:奥林匹克之窗     索取号:G811.2/5         预约/预借

序号 登录号 条形码 馆藏地/架位号 状态 备注
1 0109339   000298573   密集书库/ [索取号:G811.2/5] 在馆    
2 0109340   000298644   第一样本阅览室/ [索取号:G811.2/5] 在馆    
3 0109341   202206451   密集书库/ [索取号:G811.2/5] 在馆    
唐山师范学院图书馆 欢迎您!
大连网信软件有限公司© 版权所有